000 00581nam a2200193 i 4500
001 66307
003 ES-MaACL
005 20250910183112.0
007 t|
008 040203s1971 sp ||||1| cat d
100 1 _aGali, Alejandro.
_953389
245 1 2 _aL'ensenyament de l'ortografia als infants /
_cAlexandre Gali.
260 _aBarcelona :
_bBarcino,
_c1971.
300 _a72 p. ;
_c17 cm.
490 1 _aColección popular barcino ;
_v223
830 0 _aCol·lecció popular Barcino
_v223
_9229864
852 _aES-MaACL
_jC-44987
_bR.81205
999 _c66307
_d66307